00533nam a2200193Ia 450000500170000000800410001702000150005808200190007310000200009224500240011226000330013630000120016965000130018165000100019465000190020494200060022395200950022999900150032420250220055738.0240331s9999 xx 000 0 und d a8177200151 bRAJ24951a954 aRajadurai, S. V 0aPathi Pasu Pakistan aPuthanathambAdaiyalamc2003 a200 p., aPakistan aIslam aSocial Science cL 001040708LaWERCLbWERCLcSSCd2024-03-31l0o 954 RAJp4951r2024-03-31w2024-03-31yL c4235d4235